[Event "AUTO-OPEN-3103"]
[Site "http://www.queenalice.com/game.php?id=1275236"]
[Date "2014.4.22"]
[Round "3"]
[White "Sambafor"]
[Black "GMMarolideus"]
[Result "0-1"]
[WhiteElo "2225"]
[BlackElo "2332"]

1. d4 Nf6 2. c4 e5 3. dxe5 Ng4 4. Nf3 Nc6 5. Bf4 Bb4+ 6. Nbd2 Qe7 7. a3 Ngxe5 8.
Nxe5 Nxe5 9. Bxe5 Bxd2+ 10. Qxd2 Qxe5 11. e3 d6 12. Bd3 b6 13. O-O Bb7 14. e4
O-O 15. f4 Qd4+ 16. Rf2 Rfe8 17. Re1 Bxe4 18. Bxe4 Rxe4 19. Rxe4 Qxe4 20. Re2
Qxc4 21. Re7 Qc5+ 22. Kf1 Kf8 23. Re4 Re8 0-1

[Event "AUTO-OPEN-3103"]
[Site "http://www.queenalice.com/game.php?id=1275237"]
[Date "2014.4.22"]
[Round "3"]
[White "GMMarolideus"]
[Black "Sambafor"]
[Result "1-0"]
[WhiteElo "2341"]
[BlackElo "2221"]

1. e4 g6 2. d4 Bg7 3. c4 d6 4. Nc3 Nc6 5. Be3 e5 6. d5 Nce7 7. c5 f5 8. Bb5+ Bd7
9. Qb3 b6 10. cxd6 cxd6 11. Nf3 h6 12. Rc1 f4 13. Bd2 Nf6 14. O-O a6 15. Bd3 O-O
16. Nxe5 dxe5 17. d6+ Ned5 18. Nxd5 Nxd5 19. Qxd5+ Kh7 20. Rc7 Bb5 21. Bxb5 axb5
22. Bc3 Rc8 23. Rxg7+ 1-0

[Event "AUTO-ADV-3004"]
[Site "http://www.queenalice.com/game.php?id=1276081"]
[Date "2014.4.25"]
[Round "2"]
[White "GMMarolideus"]
[Black "pizzaiolo72"]
[Result "1-0"]
[WhiteElo "2352"]
[BlackElo "2034"]

1. e4 Nf6 2. e5 Nd5 3. c4 Nb6 4. c5 Nd5 5. Nc3 e6 6. d4 d6 7. cxd6 cxd6 8. Nf3
dxe5 9. Bb5+ Bd7 10. Bxd7+ Nxd7 11. Nxd5 exd5 12. dxe5 Bb4+ 13. Bd2 Qa5 14. a3
Bxd2+ 15. Qxd2 Qxd2+ 16. Kxd2 O-O-O 17. Rhe1 Rhe8 18. Rac1+ Kb8 19. Ng5 Rxe5 20.
Nxf7 Rxe1 21. Rxe1 Rf8 22. Re7 Kc7 23. b4 b5 24. f4 Kc6 25. g3 a6 26. Kd3 g6 27.
Kd4 a5 28. bxa5 Ra8 29. a6 Rxa6 30. Re6+ Kb7 31. Nd8+ Ka7 32. Re7 Rd6 33. Nf7
1-0

[Event "AUTO-ADV-3004"]
[Site "http://www.queenalice.com/game.php?id=1276082"]
[Date "2014.4.25"]
[Round "2"]
[White "pizzaiolo72"]
[Black "GMMarolideus"]
[Result "0-1"]
[WhiteElo "2010"]
[BlackElo "2312"]

1. g4 e5 2. Bg2 d5 3. c4 dxc4 4. Qa4+ c6 5. Qxc4 Be6 6. Qa4 Nd7 7. d4 Nb6 8. Qc2
exd4 9. Nh3 Qd7 10. f3 h5 11. Nf4 hxg4 12. Nxe6 Qxe6 13. Bf4 Nd5 14. Bd2 Nb4 15.
Bxb4 Bxb4+ 16. Nd2 d3 17. Qc4 Qxe2# 0-1

[Event "AUTO-ADV-3004"]
[Site "http://www.queenalice.com/game.php?id=1276083"]
[Date "2014.4.25"]
[Round "2"]
[White "GMMarolideus"]
[Black "cunningsloth"]
[Result "1-0"]
[WhiteElo "2328"]
[BlackElo "1988"]

1. e4 c5 2. c3 e6 3. d4 d5 4. exd5 exd5 5. Nf3 Nc6 6. Bb5 Nf6 7. Ne5 Bd7 8. Nxd7
Nxd7 9. O-O Be7 10. Qf3 Nf6 11. dxc5 O-O 12. Be3 Ne5 13. Qg3 Ng6 14. Nd2 Nd7 15.
b4 f5 16. Bd4 f4 17. Qg4 Nf6 18. Qe6+ Kh8 19. Bd3 f3 20. Bxg6 fxg2 21. Rfe1 hxg6
22. Qxe7 Nh5 23. Qxd8 Raxd8 24. Re7 1-0

[Event "AUTO-ADV-3004"]
[Site "http://www.queenalice.com/game.php?id=1276084"]
[Date "2014.4.25"]
[Round "2"]
[White "cunningsloth"]
[Black "GMMarolideus"]
[Result "0-1"]
[WhiteElo "1986"]
[BlackElo "2330"]

1. e4 c5 2. Nf3 d6 3. d4 cxd4 4. Nxd4 Nf6 5. Nc3 a6 6. Be3 e5 7. Nb3 Be6 8. Qd3
Nbd7 9. f4 Rc8 10. Nd5 g6 11. Be2 Nxd5 12. exd5 Bf5 13. Qd1 Bxc2 14. Qd2 Bh6 15.
O-O Bxb3 16. axb3 O-O 17. f5 Qb6 18. Rf3 e4 19. Rh3 Bxe3+ 20. Rxe3 Rc2 21. Qxc2
Qxe3+ 22. Kh1 Nc5 23. Rf1 Nxb3 24. Bg4 h5 25. Bh3 Qd3 26. Qxd3 exd3 27. Rd1 Rc8
0-1

[Event "AUTO-ADV-3003"]
[Site "http://www.queenalice.com/game.php?id=1282061"]
[Date "2014.5.16"]
[Round "2"]
[White "chagrix64"]
[Black "GMMarolideus"]
[Result "1-0"]
[WhiteElo "2441"]
[BlackElo "2362"]

1. e4 c5 2. Nf3 d6 3. d4 cxd4 4. Nxd4 Nf6 5. Nc3 a6 6. Be2 e5 7. Nb3 Be7 8. O-O
O-O 9. f4 Nbd7 10. Kh1 b5 11. a4 b4 12. Nd5 Nxd5 13. fxe5 Nxe5 14. exd5 Bf6 15.
a5 Re8 16. Ra4 Rb8 17. Bd2 Qc7 18. Rxb4 Rxb4 19. Bxb4 Nc4 20. Re1 Bd7 21. Qd3
Ne3 22. Qxa6 Qxc2 23. Qd3 Qxb2 24. Bf3 1-0

[Event "AUTO-ADV-3003"]
[Site "http://www.queenalice.com/game.php?id=1282062"]
[Date "2014.5.16"]
[Round "2"]
[White "GMMarolideus"]
[Black "chagrix64"]
[Result "0-1"]
[WhiteElo "2352"]
[BlackElo "2447"]

1. e4 e6 2. d4 d5 3. Nc3 Bb4 4. e5 Ne7 5. a3 Bxc3+ 6. bxc3 c5 7. Qg4 O-O 8. Bd3
f5 9. exf6 Rxf6 10. Bg5 Rf7 11. Qh5 g6 12. Qd1 Nbc6 13. Nf3 Qa5 14. Bd2 c4 15.
Be2 Nf5 16. h4 h6 17. O-O Bd7 18. a4 Re8 19. Rb1 b6 20. Re1 h5 21. Ng5 Rfe7 22.
g3 Ng7 23. Bf1 Nd8 0-1

[Event "AUTO-OPEN-3102"]
[Site "http://www.queenalice.com/game.php?id=1284431"]
[Date "2014.5.27"]
[Round "2"]
[White "GMMarolideus"]
[Black "Luke2015"]
[Result "0-1"]
[WhiteElo "2325"]
[BlackElo "2408"]

1. e4 g6 2. d4 Bg7 3. c4 d6 4. Nc3 Nf6 5. Nf3 O-O 6. h3 e5 7. d5 Qe7 8. Bg5 a5
9. Bd3 Nbd7 10. O-O Nc5 11. Bc2 Bd7 12. Re1 Rfd8 13. Qd2 Qe8 14. b3 Ra7 15. Nh2
Rda8 16. Ng4 Nh5 17. Rab1 Kh8 18. Rbd1 Ra6 0-1

[Event "AUTO-OPEN-3102"]
[Site "http://www.queenalice.com/game.php?id=1284432"]
[Date "2014.5.27"]
[Round "2"]
[White "Luke2015"]
[Black "GMMarolideus"]
[Result "1-0"]
[WhiteElo "2414"]
[BlackElo "2315"]

1. g4 e5 2. c4 Ne7 3. Bg2 d5 4. cxd5 Nxd5 5. Nc3 Be6 6. Qb3 Nb4 7. Qa4+ Bd7 8.
Qd1 Bxg4 9. Bxb7 N8c6 10. Bxa8 Qxa8 11. Kf1 Nd4 12. f3 Be7 13. a3 Nbc2 14. Rb1
O-O 15. d3 Qc6 16. h4 Be6 17. Bd2 Bb3 18. Qc1 Nf5 19. Rh3 1-0

[Event "AUTO-MASTER-2009"]
[Site "http://www.queenalice.com/game.php?id=1288647"]
[Date "2014.6.16"]
[Round "2"]
[White "GMMarolideus"]
[Black "krystek23"]
[Result "0-1"]
[WhiteElo "2173"]
[BlackElo "2260"]

1. e4 c5 2. c3 e6 3. Nf3 d6 4. d4 cxd4 5. cxd4 h6 6. Nc3 Nf6 7. Bd3 Nc6 8. h3 d5
9. e5 Nd7 10. O-O Be7 0-1

[Event "AUTO-MASTER-2009"]
[Site "http://www.queenalice.com/game.php?id=1288648"]
[Date "2014.6.16"]
[Round "2"]
[White "krystek23"]
[Black "GMMarolideus"]
[Result "1-0"]
[WhiteElo "2218"]
[BlackElo "2184"]

1. Nf3 c5 2. c3 d5 3. g3 Nf6 4. Bg2 e6 5. d3 Be7 6. Bg5 O-O 7. Bxf6 Bxf6 8. O-O
Nc6 9. Qc2 e5 10. a3 Be6 11. Nbd2 1-0

[Event "AUTO-MASTER-2009"]
[Site "http://www.queenalice.com/game.php?id=1288649"]
[Date "2014.6.16"]
[Round "2"]
[White "GMMarolideus"]
[Black "Fquita"]
[Result "0-1"]
[WhiteElo "2283"]
[BlackElo "2446"]

1. e4 e5 2. Nf3 Nc6 3. Bc4 Bc5 4. c3 Nf6 5. d4 exd4 6. cxd4 Bb4+ 7. Bd2 Bxd2+ 8.
Nbxd2 d5 9. exd5 Nxd5 10. Qb3 Na5 11. Qa4+ Nc6 12. Qa3 Qe7+ 13. Qxe7+ Ncxe7 0-1

[Event "AUTO-MASTER-2009"]
[Site "http://www.queenalice.com/game.php?id=1288650"]
[Date "2014.6.16"]
[Round "2"]
[White "Fquita"]
[Black "GMMarolideus"]
[Result "1-0"]
[WhiteElo "2441"]
[BlackElo "2290"]

1. e4 c5 2. Nf3 d6 3. d4 cxd4 4. Nxd4 Nf6 5. Nc3 g6 6. Be3 Bg7 7. f3 h5 8. Qd2
a6 9. Be2 O-O 10. O-O-O b5 11. Bh6 Bxh6 12. Qxh6 1-0